Statistics for Top 15 Last Names in Canada

Click here to take the quiz!

General Stats

  • This quiz has been taken 276 times
  • The average score is 5 of 19

Answer Stats

HintAnswer% Correct
61,304Smith
91%
24,635Johnson
64%
21,384Jones
56%
22,726White
42%
23,713Williams
38%
21,229Anderson
28%
25,984Wilson
28%
28,343Lee
26%
41,474Martin
25%
71, 074Li
23%
20,995Chan
21%
22,372Taylor
21%
39,343Tremblay
18%
21,874Campbell
14%
25,358Clark
11%
35,665Roy
10%
30,429Gagnon
9%
26,781Cote
7%
41,402Lam
3%

Score Distribution

Percentile by Number Answered

Percent of People with Each Score

Your Score History

You have not taken this quiz